Poemas goyescos / (Record no. 143167)

MARC details
000 -LEADER
campo de control de longitud fija 00572nam a2200205 4500
001 - NÚMERO DE CONTROL
campo de control 143167
003 - IDENTIFICADOR DE NÚMERO DE CONTROL
campo de control ES-MaACL
005 - FECHA Y HORA DE LA ÚLTIMA TRANSACCIÓN
campo de control 20230906200736.0
007 - CAMPO FIJO DE DESCRIPCIÓN FÍSICA--INFORMACIÓN GENERAL
campo de control de longitud fija t|
008 - DATOS DE LONGITUD FIJA--INFORMACIÓN GENERAL
campo de control de longitud fija 070214s1964 sp r ||||1| spa d
100 1# - ENTRADA PRINCIPAL--NOMBRE DE PERSONA
Nombre de persona Serrano, Gregorio.
9 (RLIN) 105696
245 10 - MENCIÓN DEL TÍTULO
Título Poemas goyescos /
Mención de responsabilidad, etc. Gregorio Serrano.
250 ## - MENCION DE EDICION
Mención de edición [1ª ed.].
260 ## - PUBLICACIÓN, DISTRIBUCIÓN, ETC.
Lugar de publicación, distribución, etc. Madrid :
Nombre del editor, distribuidor, etc. [s. n.],
Fecha de publicación, distribución, etc. 1946 (
Fabricante Tall. Industrias Gráficas)
300 ## - DESCRIPCIÓN FÍSICA
Extensión 18 p. ;
Dimensiones 23 cm.
490 1# - MENCIÓN DE SERIE
Mención de serie Conde Arnaldos
830 0# - PUNTO DE ACCESO ADICIONAL DE SERIE-TÍTULO UNIFORME
Título uniforme Conde Arnaldos
9 (RLIN) 187268
852 ## - LOCALIZACIÓN
Ubicación ES-MaACL
Número de control de estantería 2040-F-27
Sublocalización o colección R.55104
Holdings
Estatus retirado Estado de pérdida Estado de daño No para préstamo Colección Biblioteca de origen Biblioteca actual Ubicación en estantería Fecha de adquisición Fuente de adquisición Total de préstamos Signatura topográfica completa Código de barras Visto por última vez Precio de reemplazo Tipo de ítem Koha
        Colección de folletos Biblioteca del Ateneo de Madrid Biblioteca del Ateneo de Madrid Depósito folletos 17/01/2008     2040-F-27 1148955 23/02/2023 23/02/2023 Folleto